Didier Deschamps' Monaco - Statistics

General Stats
  • This quiz has been taken 6 times
  • The average score is 29 of 70
Answer Stats
Rank Player Position Nationality Matches Goals Assists % Correct
10 Emmanuel Adebayor Centre-Forward 100 23 7
100%
26 Fernando Morientes Centre-Forward 42 22 5
83%
11 Ludovic Giuly Right Winger 94 34 6
83%
4 Patrice Evra Left-Back 148 3 2
83%
7 Akis Zikos Defensive Midfield 116 2 1
67%
13 Dado Prso Centre-Forward 85 34 1
67%
23 Édouard Cissé Defensive Midfield 47 3 2
67%
2 Flavio Roma Goalkeeper 158 0 0
50%
1 Gaël Givet Centre-Back 162 6 2
50%
16 Hassan El Fakiri Left-Back 61 2 1
50%
28 Hugo Ibarra Right-Back 37 1 2
50%
12 Jaroslav Plasil Central Midfield 94 4 2
50%
24 Javier Chevantón Centre-Forward 45 16 3
50%
27 Javier Saviola Second Striker 42 17 0
50%
9 Jérôme Rothen Left Midfield 106 6 18
50%
5 Julien Rodriguez Centre-Back 132 2 2
50%
3 Lucas Bernardi Central Midfield 152 4 6
50%
33 Oliver Bierhoff Centre-Forward 25 7 0
50%
15 Pontus Farnerud Central Midfield 76 4 0
50%
17 Rafa Márquez Centre-Back 59 1 0
50%
6 Sébastien Squillaci Centre-Back 128 13 0
50%
8 Shabani Nonda Centre-Forward 108 51 2
50%
14 Souleymane Camara Right Winger 78 12 2
50%
35 Tony Sylva Goalkeeper 23 0 0
50%
29 Alex Nyarko Central Midfield 32 3 0
33%
70 André Biancarelli Goalkeeper 1 0 0
33%
60 Bruno Irles Centre-Back 4 0 0
33%
47 Camel Meriem Attacking Midfield 9 0 1
33%
58 Christian Panucci Right-Back 5 0 0
33%
31 Cyril Domoraud Centre-Back 28 0 0
33%
34 Cyril Rool Left-Back 23 0 1
33%
36 David Gigliotti Centre-Forward 21 2 0
33%
25 Diego Pérez Defensive Midfield 43 0 0
33%
41 Djibril Sidibé Defensive Midfield 12 0 0
33%
37 Éric Abidal Left-Back 17 0 0
33%
20 Éric Cubilier Right-Back 52 0 0
33%
49 Fabien Audard Goalkeeper 8 0 0
33%
61 Florin Răducioiu Centre-Forward 4 0 0
33%
48 Franck Jurietti Left-Back 9 0 0
33%
22 François Modesto Centre-Back 47 1 0
33%
59 Gerard López Central Midfield 5 1 0
33%
65 Grégory Lacombe Right Winger 3 0 0
33%
55 Guillaume Warmuz Goalkeeper 6 0 0
33%
50 Jim Ablancourt Centre-Back 8 0 0
33%
46 Jimmy Juan Central Midfield 10 0 0
33%
30 José-Karl Pierre-Fanfan Centre-Back 30 1 0
33%
51 Joseph Dayo Oshadogan Centre-Back 8 0 0
33%
66 Laurent Lanteri Right Winger 3 1 0
33%
67 Laurent Mohellebi Midfielder 2 0 0
33%
19 Maicon Right-Back 54 5 0
33%
18 Marcelo Gallardo Attacking Midfield 56 7 1
33%
64 Marco Ramos Left-Back 3 0 0
33%
43 Marco Simone Second Striker 10 0 1
33%
69 Marko Muslin Defensive Midfield 1 0 0
33%
56 Mazhar Abdelrahman Centre-Forward 6 0 0
33%
21 Mohamed Kallon Centre-Forward 50 17 2
33%
52 Moussa Saïb Left Midfield 7 1 0
33%
53 Nicolas Hislen Defensive Midfield 7 0 1
33%
62 Nicolas Maurice-Belay Left Midfield 4 0 0
33%
68 Nicolas Raynier Centre-Forward 2 0 0
33%
54 Olivier Kapo Attacking Midfield 6 2 1
33%
42 Olivier Sorlin Defensive Midfield 10 0 0
33%
63 Olivier Veigneau Left-Back 3 1 0
33%
38 Philippe Léonard Left-Back 17 0 0
33%
40 Sébastien Carole Right Winger 12 1 0
33%
57 Sébastien Grax Centre-Forward 6 0 0
33%
39 Stéphane Porato Goalkeeper 16 0 0
33%
44 Toifilou Maoulida Centre-Forward 10 1 1
33%
32 Vladimir Jugović Central Midfield 25 1 0
33%
45 Wagneau Eloi Centre-Forward 10 2 0
33%
No matching quizzes found
Score Distribution
Percent of People with Each Score
Percentile by Number Answered
Your Score History
You have not taken this quiz